000 00943nam a2200229Ia 4500
001 18152
003 GE_BSU
008 181216s||||||||xx |||||||||||||| ||und||
040 _cGE_BSU
080 _a811.353.1 + 81(479.22)(092)
100 _aფეიქრიშვილი, ჟუჟუნა
245 _aქართული ენის მოამაგენი
245 _cრედ.: ლეილა კვანტალიანი, ნანა ახობაძე
260 _aთბილისი
260 _bგამ-ბა " ჯანსუღ ღვინჯილია
260 _c2006
300 _a143გვ. ; 20სმ.
541 _h6ლ.
653 _aქართული ენა; ქართველი ენათმეცნიერები; ქართველი მწერლები
653 _aქართული ენის მოამაგენი
942 _cBK
999 _c51193
_d51193